00246 a2200109 4500001000700000040003500007100002100042240003000063245002500093362000900118440000900127153906 cEscola São Tomás de Aquino aMUNIZ, Flávia 10aO jogo do puxa-puxa lpor10aO jogo do puxa-puxa 0 a2012 1aFTD